000 00305nam a22001337a 4500
020 _a978-93-86224-44-6
082 _a823
_bNEE/R
100 _aNEELAKANTAN, ANAND
245 _aTHE RISE OF SIVAGAMI
260 _aDELHI
_bWESTLAND PUBLICATIONS
_c2017
300 _a467
650 _aNOVEL
_zINDIA
942 _cBK
999 _c3605
_d3605